Southville International School and Colleges
Your cart is empty.
  • Cart
  • Lists
    Public lists Eva Luna New books Lux_list list_1
    Your lists Log in to create your own lists
  • Log in to your account
  • Your cookies
  • Search history
Southville International School and Colleges
  • Advanced search
  • Recent comments
  • Most popular
  • Libraries

Log in to your account

Log in with GOOGLE


If you do not have an external account, but do have a local account, you can still log in:

  1. Home
  2. MARC view: Finding information the library way :
Normal view MARC view ISBD view

Finding information the library way : (Record no. 102373)

[ view plain ]
MARC details
000 -LEADER
fixed length control field 00555nam a2200169 a 4500
005 - DATE AND TIME OF LATEST TRANSACTION
control field 20140412111235.0
008 - FIXED-LENGTH DATA ELEMENTS--GENERAL INFORMATION
fixed length control field 001117s19uu xx 00 eng d
020 ## - INTERNATIONAL STANDARD BOOK NUMBER
International Standard Book Number 0-208-02132-9
050 ## - LIBRARY OF CONGRESS CALL NUMBER
Classification number M 016.011
Item number B841 1987
100 ## - MAIN ENTRY--PERSONAL NAME
Personal name Bryant, David, 1948
245 ## - TITLE STATEMENT
Title Finding information the library way :
Remainder of title a guide to reference sources /
Statement of responsibility, etc David Bryant , 1948.
260 ## - PUBLICATION, DISTRIBUTION, ETC. (IMPRINT)
Place of publication, distribution, etc Hamden, CT :
Name of publisher, distributor, etc Library Professional Pub,
Date of publication, distribution, etc 1987.
300 ## - PHYSICAL DESCRIPTION
Extent 148 p.
500 ## - GENERAL NOTE
General note Bibliography: p. includes index.
650 ## - SUBJECT ADDED ENTRY--TOPICAL TERM
Topical term or geographic name as entry element Reference books -- Bibliography
Holdings
Withdrawn status Lost status Damaged status Home library Current library Shelving location Date acquired Total Checkouts Full call number Barcode Date last seen Price effective from Koha item type
      Elizalde Library Elizalde Library Main Section 11/17/2000   M 016.011 B841 1987 E1490 04/12/2014 04/12/2014 Books

Finding information the library way :

APA

Bryant D. 1., . (1987). Finding information the library way. Hamden, CT: Library Professional Pub.

Chicago

Bryant David 1948, . 1987. Finding information the library way. Hamden, CT: Library Professional Pub.

Harvard

Bryant D. 1., . (1987). Finding information the library way. Hamden, CT: Library Professional Pub.

MLA

Bryant David 1948, . Finding information the library way. Hamden, CT: Library Professional Pub. 1987.

  • Place hold
  • Print
  • Cite
  • Add to your cart (remove)
  • Save record
    BIBTEX Dublin Core MARCXML MARC (non-Unicode/MARC-8) MARC (Unicode/UTF-8) MARC (Unicode/UTF-8, Standard) MODS (XML) RIS
  • More searches
    Search for this title in:
    Other Libraries (WorldCat) Other Databases (Google Scholar) Online Stores (Bookfinder.com) Open Library (openlibrary.org)

Exporting to Dublin Core...

SOUTHVILLE LIBRARY

Southville International School and Colleges Library

1281 Tropical Ave. Cor. Luxembourg St., BF Homes International, Las Pinas City

Tel. No. 8256374 / 252358 Loc. 117/146

Powered by Koha